[Event "Dortmund4"]
[Site "Dortmund"]
[Date "2001.06.16"]
[Round "11"]
[White "Hartung, Thomas"]
[Black "Tverskoi, Alexandre"]
[Result "1-0"]
[WhiteElo "1931"]
[BlackElo "1852"]
[PlyCount "53"]
[EventDate "2001.04.27"]
[EventType "tourn"]
[EventRounds "11"]
[EventCountry "GER"]
[SourceTitle "EXT 2007"]
[Source "ChessBase"]
[SourceDate "2006.11.23"]
[SourceVersion "1"]
[SourceVersionDate "2006.11.23"]
[SourceQuality "1"]

1. e4 d5 2. exd5 Qxd5 3. Nc3 Qd8 4. d4 Nf6 5. Nf3 Bg4 6. h3 Bh5 7. g4 Bg6 8. Bf4 e6 9. Bc4 Bd6 10. Ne5 a6 11. Qf3 Qc8 12. 0-0-0 Nbd7 13. Rhe1 Nb6 14. Bb3 0-0 15. h4 Bb4 16. h5 Bxc3 17. bxc3 Be4 18. Rxe4 Nxe4 19. Qxe4 c6 20. g5 Nd5 21. Bd2 f6 22. gxf6 Rxf6 23. c4 Nc7 24. Rg1 Qe8 25. Bg5 Rxf2 26. Bh6 g6 27. hxg6 1-0

[Event "Dortmund4"]
[Site "Dortmund"]
[Date "2001.06.13"]
[Round "10"]
[White "Tverskoi, Alexandre"]
[Black "Henrichs, Wenke"]
[Result "0-1"]
[WhiteElo "1852"]
[BlackElo "1900"]
[PlyCount "85"]
[EventDate "2001.04.27"]
[EventType "tourn"]
[EventRounds "11"]
[EventCountry "GER"]
[SourceTitle "EXT 2007"]
[Source "ChessBase"]
[SourceDate "2006.11.23"]
[SourceVersion "1"]
[SourceVersionDate "2006.11.23"]
[SourceQuality "1"]

1. e4 g6 2. d4 Bg7 3. Nf3 d6 4. c4 Nf6 5. Nc3 0-0 6. Be2 e5 7. dxe5 dxe5 8. Bg5 Qxd1+ 9. Rxd1 Nc6 10. 0-0 h6 11. Bh4 Be6 12. Rfe1 g5 13. Bg3 Nh5 14. Nd5 Nxg3 15. hxg3 Rac8 16. a3 Rfe8 17. b4 Nb8 18. Nh2 c6 19. Ne3 Rcd8 20. f3 Nd7 21. Rd6 Nb6 22. Red1 Rxd6 23. Rxd6 Bf8 24. Rd2 f6 25. Nhg4 Kf7 26. Nf2 Na4 27. Bd1 Nc3 28. Bc2 a5 29. Nd3 axb4 30. axb4 Ra8 31. c5 Ra3 32. Kf2 Nb5 33. Nb2 Nd4 34. Bd3 Rb3 35. Bc4 Rxb4 36. Bxe6+ Kxe6 37. Nd3 Rb5 38. f4 Bxc5 39. fxe5 fxe5 40. Nxc5+ Rxc5 41. Rd1 Ra5 42. Rh1 Ra2+ 43. Ke1 0-1

[Event "Dortmund4"]
[Site "Dortmund"]
[Date "2001.05.23"]
[Round "6"]
[White "Tverskoi, Alexandre"]
[Black "Romczik, Detlef"]
[Result "0-1"]
[WhiteElo "1852"]
[BlackElo "1999"]
[PlyCount "102"]
[EventDate "2001.04.27"]
[EventType "tourn"]
[EventRounds "11"]
[EventCountry "GER"]
[SourceTitle "EXT 2007"]
[Source "ChessBase"]
[SourceDate "2006.11.23"]
[SourceVersion "1"]
[SourceVersionDate "2006.11.23"]
[SourceQuality "1"]

1. e4 b6 2. d4 e6 3. Nf3 Bb7 4. Nc3 Bb4 5. Bd3 Nf6 6. Qe2 c5 7. a3 Bxc3+ 8. bxc3 c4 9. Bxc4 Nxe4 10. Bb2 Qc7 11. 0-0 0-0 12. Bd3 Nf6 13. c4 d6 14. Nd2 Nbd7 15. f4 Rfe8 16. Rae1 Rac8 17. Nb1 Ba6 18. Nd2 d5 19. cxd5 exd5 20. Qf3 Bxd3 21. Rxe8+ Nxe8 22. cxd3 Ndf6 23. g4 Qd7 24. g5 Rc2 25. Bc1 Qc6 26. Nc4 Ng4 27. Qd1 Rxc1 28. Qxc1 dxc4 29. h3 Qd5 30. hxg4 Qxd4+ 31. Kg2 Qxd3 32. Re1 Nd6 33. Qd1 Qxa3 34. Qa1 Qb4 35. Re2 g6 36. Qxa7 c3 37. Kg3 Qd4 38. Qa2 b5 39. Kf3 b4 40. Qc2 Qc4 41. Qd1 Qc6+ 42. Kg3 Ne4+ 43. Rxe4 Qxe4 44. Qd8+ Kg7 45. Qf6+ Kf8 46. Qd8+ Qe8 47. Qd6+ Qe7 48. Qb8+ Kg7 49. Qb6 c2 50. Qd4+ Kg8 51. Qd2 Qc7 0-1

[Event "Dortmund4"]
[Site "Dortmund"]
[Date "2001.05.12"]
[Round "4"]
[White "Tverskoi, Alexandre"]
[Black "Grube, Joerg"]
[Result "0-1"]
[WhiteElo "1852"]
[BlackElo "1788"]
[PlyCount "70"]
[EventDate "2001.04.27"]
[EventType "tourn"]
[EventRounds "11"]
[EventCountry "GER"]
[SourceTitle "EXT 2007"]
[Source "ChessBase"]
[SourceDate "2006.11.23"]
[SourceVersion "1"]
[SourceVersionDate "2006.11.23"]
[SourceQuality "1"]

1. Nf3 Nf6 2. c4 g6 3. Nc3 Bg7 4. d4 0-0 5. e4 d6 6. Be2 e5 7. dxe5 dxe5 8. Qxd8 Rxd8 9. 0-0 c6 10. Bg5 h6 11. Bh4 Re8 12. Rad1 Nbd7 13. Rd6 g5 14. Bg3 Nc5 15. Bxe5 Ncxe4 16. Rd4 Nxc3 17. bxc3 g4 18. Bxf6 gxf3 19. Bxf3 Bxf6 20. Rd6 Be6 21. Rfd1 Rad8 22. g4 Rxd6 23. Rxd6 Rd8 24. Rxd8+ Bxd8 25. Be2 Ba5 26. f4 Bxc3 27. f5 Bd7 28. Kf2 Kg7 29. Kf3 Kf6 30. h4 Ke5 31. Ke3 c5 32. Bd3 Bc6 33. g5 hxg5 34. hxg5 Bd4+ 35. Ke2 Be4 0-1

[Event "Dortmund ABC Besserkoenner 14th"]
[Site "Dortmund"]
[Date "2000.12.01"]
[Round "11"]
[White "Borchert, Eckhardt"]
[Black "Tverskoi, Alexandre"]
[Result "1/2-1/2"]
[WhiteElo "1695"]
[BlackElo "1835"]
[PlyCount "32"]
[EventDate "2000.??.??"]
[EventType "tourn"]
[EventRounds "11"]
[EventCountry "GER"]
[SourceTitle "EXT 2003"]
[Source "ChessBase"]
[SourceDate "2002.11.25"]
[SourceVersion "1"]
[SourceVersionDate "2002.11.25"]
[SourceQuality "1"]

1. d4 d5 2. e3 Nf6 3. f4 Bg4 4. Nf3 e6 5. Bd3 Be7 6. Nbd2 Nbd7 7. 0-0 c5 8. c3 cxd4 9. exd4 0-0 10. Qe1 Nh5 11. Ne5 Bh4 12. g3 Nxe5 13. fxe5 Bg5 14. Nf3 Bxc1 15. Rxc1 Bxf3 16. Rxf3 Qg5 1/2-1/2

[Event "Dortmund ABC Besserkoenner 14th"]
[Site "Dortmund"]
[Date "2000.11.17"]
[Round "8"]
[White "Tverskoi, Alexandre"]
[Black "Benke, Werner"]
[Result "1-0"]
[WhiteElo "1835"]
[BlackElo "1709"]
[PlyCount "80"]
[EventDate "2000.??.??"]
[EventType "tourn"]
[EventRounds "11"]
[EventCountry "GER"]
[SourceTitle "EXT 2003"]
[Source "ChessBase"]
[SourceDate "2002.11.25"]
[SourceVersion "1"]
[SourceVersionDate "2002.11.25"]
[SourceQuality "1"]

1. e4 e5 2. Nf3 Nc6 3. Bb5 Nf6 4. 0-0 Bc5 5. c3 0-0 6. d4 exd4 7. cxd4 Be7 8. Nc3 d6 9. h3 h6 10. Bf4 a6 11. Bd3 Nb4 12. Be2 Nc6 13. Rc1 Re8 14. Bd3 Bf8 15. Bb1 Ne7 16. Qc2 c6 17. Bxd6 Ng6 18. Bh2 Be6 19. Rcd1 Qa5 20. e5 Nd5 21. Nxd5 Bxd5 22. Nh4 Bxa2 23. Nxg6 Bxb1 24. Qxb1 fxg6 25. Qxg6 Qd5 26. f4 c5 27. f5 cxd4 28. f6 Qf7 29. Qg4 Bc5 30. Bf4 g6 31. Bxh6 Rxe5 32. Bg7 Rae8 33. Rd3 Re4 34. Qg5 R8e5 35. Qh6 Rh5 36. Qc1 Ba7 37. g4 Rxh3 38. Rxh3 Rxg4+ 39. Kh1 Qd5+ 40. Rff3 Kf7 1-0